000 00273nam a22001337a 4500
008 180910b xxu||||| |||| 00| 0 eng d
020 _a0306403668
041 _aeng
080 _a591
100 _a7
101 _aZOO
245 _aEntomoly
_cGillott.c
942 _2udc
_cBK
999 _c47623
_d47623